Cacao in West Africa / (Record no. 829)
[ view plain ]
| 000 -LEADER | |
|---|---|
| fixed length control field | 00441nam a2200157 a 4500 |
| 020 ## - INTERNATIONAL STANDARD BOOK NUMBER | |
| ISBN | 019575008X (pbk.) |
| 050 00 - CALL NUMBER | |
| Classification number | SB268.A4 |
| Item number | A74 |
| 100 1# - AUTHOR | |
| Personal name | Arẹ, L. A. |
| 245 10 - TITLE | |
| Title | Cacao in West Africa / |
| Statement of responsibility, etc | L.A. Arẹ, D.R.G. Gwynne-Jones. |
| 260 ## - PUBLICATION INFORMATION | |
| Place of publication | Ibadan : |
| Name of publisher | Oxford University Press, |
| Year of publication | 1974, c1973. |
| 300 ## - DESCRIPTION | |
| Number of Pages | xiv, 146 p. : |
| Other physical details | ill. ; |
| Dimensions | 24 cm. |
| 500 ## - NOTES | |
| General note | Includes index. |
| 650 #0 - SUBJECTS | |
| Topical Term | Cacao |
| 700 2# - OTHER AUTHORS | |
| Personal name | Gwynne-Jones, D. R. G. |
| 942 ## - ADDED ENTRY ELEMENTS (KOHA) | |
| Koha item type | Books |
| Withdrawn status | Lost status | Home library | Current library | Date acquired | Full call number | Accession Number | Koha item type |
|---|---|---|---|---|---|---|---|
| Methodist University Library Wenchi Faculty | Methodist University Library Wenchi Faculty | 14/11/2017 | SB268.A4 A74 | 28845 | Books |